书目信息 |
| 题名: |
有机实验室常用试剂的纯化和制备
|
|
| 作者: | 朱哗 著 | |
| 分册: | ||
| 出版信息: | 北京 科学出版社 2006.06 |
|
| 页数: | 358页 | |
| 开本: | 21cm | |
| 丛书名: | ||
| 单 册: | ||
| 中图分类: | TQ421.1-62 | |
| 科图分类: | ||
| 主题词: | 化学试剂 | |
| 电子资源: | ||
| ISBN: | 7-03-017063-6 | |
| 000 | 00622 nam 000217 | |
| 001 | 0100002184 | |
| 005 | 20070902105525.73 | |
| 010 | @a7-03-017063-6@dCNY38.00 | |
| 100 | @a20070807d2006 em y0chiy0121 ea | |
| 101 | @achi | |
| 102 | @aCN@b110000 | |
| 105 | @ay z 000yy | |
| 200 | 10 | @a有机实验室常用试剂的纯化和制备@9you ji shi yan shi chang yong shi ji de chun hua he zhi bei@f朱哗著@Fzhu hua zhu |
| 210 | @a北京@c科学出版社@d2006.06 | |
| 215 | @a358页@d21cm | |
| 606 | @a化学试剂 | |
| 690 | @aTQ421.1-62@v4 | |
| 701 | 0 | @a朱哗@9zhu hua@4著 |
| 801 | @aCN@c20070902 | |
| 901 | @a000003 | |
| 905 | @dTQ421.1-62@eZ840 | |
| 有机实验室常用试剂的纯化和制备/朱哗著.-北京:科学出版社,2006.06 |
| 358页;21cm |
| ISBN 7-03-017063-6:CNY38.00 |
| ● |
| 相关链接 |
|
|
|
正题名:有机实验室常用试剂的纯化和制备
索取号:TQ421.1-62/Z840
 
预约/预借
| 序号 | 登录号 | 条形码 | 馆藏地/架位号 | 状态 | 备注 |
| 1 | 644749 | 206447497 | 自科库501/501自科库 39排3列3层/ [索取号:TQ421.1-62/Z840] | 在馆 | |
| 2 | 644750 | 206447503 | 期刊室512/501自科库 39排3列3层/ [索取号:TQ421.1-62/Z840] | 在馆 | |
| 3 | 644751 | 206447512 | 自科库501/501自科库 39排3列3层/ [索取号:TQ421.1-62/Z840] | 在馆 |